[Event "zt-B"]
[Site "Randers"]
[Date "1982.??.??"]
[Round "1"]
[White "Gutman, Lev"]
[Black "Feustel, Bernd"]
[Result "1-0"]
[WhiteElo "2450"]
[BlackElo "2365"]

1. Nf3 g6 2. g3 Bg7 3. Bg2 d6 4. O-O Nd7 5. d4 e6 6. c4 Ne7 7. Nc3 O-O
8. b3 Rb8 9. Bb2 a6 10. Qd2 h6 11. Rfd1 b5 12. cxb5 axb5 13. Rac1 Bb7
14. e3 f5 15. d5 b4 16. Nb5 Bxb2 17. Qxb2 Nxd5 18. Nfd4 Nc5 19. Nxe6
Nxe6 20. Bxd5 Bxd5 21. Rxd5 Qd7 22. Nd4 Ng5 23. h4 Ne4 24. Ne2 g5 25.
hxg5 hxg5 26. Qc2 Rf7 27. f3 Nc5 28. Nd4 Rbf8 29. Qc4 Kh8 30. Kg2 Rh7
31. Ne2 Qe8 32. Qd4+ Kg8 33. g4 Ne6 34. Qc4 Rh4 35. Ng3 Kg7 36. Rxf5
Rfh8 37. Qe4 Rh2+ 38. Kg1 R8h3 39. Nf1 Rxa2 40. Rc2 Rxc2 41. Qxc2 Qh8
42. Qb2+ Kg6 43. Qxh8 Rxh8 44. Rb5 c5 45. Rb6 Rd8 46. Nd2 Kf6 47. Kf2
d5 48. f4 gxf4 49. exf4 Kf7 50. f5 Nd4 51. g5 Rd7 52. Nf3 Nxf3 53. Kxf3
d4 54. Rh6 Kg8 55. f6 d3 56. g6 d2 57. f7+ Kg7 58. Rh7+ Kxg6 59. f8=N+
1-0

[Event "zt-B"]
[Site "Randers"]
[Date "1982.??.??"]
[Round "1"]
[White "Huss, Andreas"]
[Black "Hoelzl, Franz"]
[Result "1/2-1/2"]
[WhiteElo "2310"]
[BlackElo "2405"]

1. d4 Nf6 2. Nf3 g6 3. c4 Bg7 4. Nc3 d5 5. e3 O-O 6. cxd5 Nxd5 7. Bc4
Nxc3 8. bxc3 c5 9. O-O Qc7 10. Qe2 Nc6 11. Ba3 b6 12. Rac1 Na5 13. Bd3
Bb7 14. e4 Rad8 15. d5 e5 16. dxe6 fxe6 17. h4 Qf4 18. Ng5 Qxh4 19.
Nxe6 Be5 20. f4 Rxf4 21. Rxf4 Bxf4 22. Nxf4 Qxf4 23. Rf1 Qe5 24. Bc1 h5
25. Qf3 Qg7 26. Bh6 Qe7 27. Qg3 Kh7 28. Bf4 h4 29. Qe3 Qe6 30. Bg5 Re8
31. Qf4 Kg8 32. Qxh4 Qe5 33. Qh6 Qg7 34. Qxg7+ Kxg7 35. e5 Re6 36. Bf6+
Kf7 37. Rf4 c4 38. Bc2 Nc6 39. Be4 Na5 40. Bxb7 Nxb7 41. Rxc4 Nc5 42.
Rd4 Rc6 43. c4 Ke6 44. Rg4 Kf7 45. Rh4 Ke6 46. Rg4 Kf7 47. Bh4 Nd3 48.
Bg3 a5 49. Rd4 Nb2 50. Rf4+ Ke8 51. Rf2 Nxc4 52. Re2 Kd7 53. Kf2 b5
54. Kf3 b4 55. Ke4 Nb6 56. Rd2+ Ke6 57. Bf2 Rc4+ 58. Bd4 Nd7 59. Kd3
Rc1 60. Re2 g5 61. Bb2 Rc5 62. Bd4 Nxe5+ 63. Bxe5 Rxe5 64. Rxe5+ Kxe5
65. Kc4 g4 66. Kb5 Kd4 67. Kxa5 Kc4 68. Kb6 g3 69. Kc6 Kd3 70. Kb5 Ke2
71. Kxb4 1/2-1/2

[Event "zt-B"]
[Site "Randers"]
[Date "1982.??.??"]
[Round "1"]
[White "Karlsson, Lars"]
[Black "Rantanen, Yrjo A"]
[Result "1/2-1/2"]
[WhiteElo "2500"]
[BlackElo "2425"]

1. c4 e6 2. g3 d5 3. Bg2 c6 4. Nf3 b5 5. cxb5 cxb5 6. O-O Nf6 7. d4 Be7
8. Bf4 O-O 9. Nc3 a6 10. Rc1 Bb7 11. Ne5 Qb6 12. e3 Rc8 13. g4 Qd8 14.
Bg3 Nbd7 15. Nxd7 Qxd7 16. h3 b4 17. Ne2 1/2-1/2

[Event "zt-B"]
[Site "Randers"]
[Date "1982.??.??"]
[Round "1"]
[White "Sigurjonsson, Gudmundur"]
[Black "Helmers, Knut J"]
[Result "1-0"]
[WhiteElo "2435"]
[BlackElo "2430"]

1. e4 c5 2. Nf3 d6 3. d4 cxd4 4. Nxd4 Nf6 5. Nc3 a6 6. Be3 e6 7. f4 b5
8. Qf3 Bb7 9. Bd3 Nbd7 10. g4 Nc5 11. g5 b4 12. gxf6 bxc3 13. fxg7 Bxg7
14. b4 Nxd3+ 15. cxd3 Qe7 16. Rg1 Bf6 17. Rc1 Rc8 18. Qh5 Kd7 19. e5
dxe5 20. fxe5 Bh4+ 21. Ke2 Rhg8 22. Nb3 Rxg1 23. Rxg1 Qxb4 24. Rg4 Qa3
25. Rxh4 1-0

[Event "zt-B"]
[Site "Randers"]
[Date "1982.??.??"]
[Round "2"]
[White "Borik, Otto"]
[Black "Gutman, Lev"]
[Result "1-0"]
[WhiteElo "2360"]
[BlackElo "2450"]

1. Nf3 Nf6 2. c4 g6 3. d4 Bg7 4. Nc3 d5 5. cxd5 Nxd5 6. e4 Nxc3 7. bxc3
c5 8. Be2 Nc6 9. d5 Bxc3+ 10. Bd2 Bxa1 11. Qxa1 Nd4 12. Nxd4 cxd4 13.
Qxd4 O-O 14. Bh6 Qa5+ 15. Kf1 f6 16. Bxf8 Kxf8 17. f3 Bd7 18. Kf2 Rc8
19. Rb1 b6 20. Rb2 Qc3 21. Qxc3 Rxc3 22. Bd1 e5 23. Ke2 Ke7 24. Kd2 Rc5
25. h4 Kd6 26. Be2 f5 27. g4 f4 28. g5 Rc8 29. Bb5 Bxb5 30. Rxb5 h6
31. gxh6 Rh8 32. a4 Rxh6 33. a5 bxa5 34. Rxa5 Rxh4 35. Rxa7 Rh3 36. Ke2
g5 37. Rg7 Rh2+ 38. Kf1 Rh5 39. Kg2 Kc5 40. Re7 Kd4 41. d6 Rh6 42. d7
Rd6 43. Kh3 Ke3 44. Kg4 Rd1 45. Rxe5 Rxd7 46. Rxg5 Rd8 47. Rg6 Re8 48.
Rg7 Rh8 49. Rg5 Rf8 50. Rg7 Rh8 51. e5 Rh1 52. Ra7 Rh8 53. e6 Rg8+ 54.
Kf5 Rf8+ 55. Ke5 1-0

[Event "zt-B"]
[Site "Randers"]
[Date "1982.??.??"]
[Round "2"]
[White "Feustel, Bernd"]
[Black "Huss, Andreas"]
[Result "1-0"]
[WhiteElo "2365"]
[BlackElo "2310"]

1. Nf3 Nf6 2. c4 e6 3. g3 d5 4. b3 Be7 5. Bg2 c5 6. O-O O-O 7. d3 Nc6
8. Na3 b6 9. e3 Bb7 10. Qe2 Qb8 11. Bb2 Rd8 12. Rac1 e5 13. Nh4 g6 14.
f4 exf4 15. Rxf4 Nh5 16. cxd5 Nb4 17. Nf5 Bg5 18. Rg4 Bf6 19. Rf1 Nxd5
20. e4 Nc3 21. Bxc3 Bxc3 22. Nh6+ Kg7 23. Rxf7+ Kh8 24. Rh4 Bd4+ 25.
Kh1 Rf8 26. Bf3 Rxf7 27. Nxf7+ Kg7 28. Bxh5 Kxf7 29. Bf3 Kg7 30. Qd2 h5
31. Bxh5 Qf8 32. Rf4 Qh8 33. Bg4 Be5 34. Rf3 Rf8 35. Nc4 Rxf3 36. Bxf3
Bd4 37. Qf4 Qd8 38. h4 Qe7 1-0

[Event "zt-B"]
[Site "Randers"]
[Date "1982.??.??"]
[Round "2"]
[White "Murey, Jacob"]
[Black "Sigurjonsson, Gudmundur"]
[Result "1-0"]
[WhiteElo "2475"]
[BlackElo "2435"]

1. c4 e5 2. Nf3 e4 3. Nd4 Nc6 4. Nxc6 dxc6 5. Nc3 Nf6 6. Qc2 Bf5 7. h3
Bc5 8. e3 h5 9. b3 Qd7 10. Bb2 O-O-O 11. O-O-O Kb8 12. Ne2 Be7 13. Kb1
c5 14. Nf4 Rh6 15. d4 g5 16. Ne2 Bh7 17. Nc3 Qf5 18. dxc5 Rxd1+ 19.
Nxd1 Bxc5 20. Be2 Be7 21. Qc3 a6 22. g4 Qe6 23. Rg1 hxg4 24. hxg4 Nd7
25. Qh8+ Ka7 26. Nc3 c6 27. Rd1 Bf6 28. Qc8 Nc5 29. Qc7 Nd3 30. Na4
Bxb2 31. Bxd3 Ba3 32. Be2 Bd6 33. Qb6+ Kb8 34. Nc5 Qe7 35. Nxa6+ Kc8
36. c5 Be5 37. Qa7 1-0

[Event "zt-B"]
[Site "Randers"]
[Date "1982.??.??"]
[Round "2"]
[White "Rantanen, Yrjo A"]
[Black "Mortensen, Erling"]
[Result "0-1"]
[WhiteElo "2425"]
[BlackElo "2440"]

1. e4 e5 2. Nf3 Nc6 3. Bb5 a6 4. Ba4 d6 5. O-O Bd7 6. d4 Nf6 7. Bxc6
Bxc6 8. Re1 Be7 9. Nc3 exd4 10. Nxd4 Nd7 11. b3 O-O 12. Bb2 Bf6 13. Qd2
Re8 14. f3 g6 15. Rad1 Bg7 16. Nxc6 bxc6 17. Na4 Bxb2 18. Nxb2 Re5 19.
Nc4 Re6 20. Qc3 Qg5 21. Qa5 Qxa5 22. Nxa5 c5 23. Nc4 Rae8 24. Kf2 Kg7
25. Ne3 Nb6 26. Rd3 a5 27. c4 Rb8 28. a4 Nd7 29. Red1 Ne5 30. Rc3 Nc6
31. Nc2 Rbe8 32. Rd5 Ne7 33. Rd2 Nc6 34. Rd5 h5 35. Rd2 Kf8 36. Na3 Ke7
37. Nc2 Kd7 38. g3 f5 39. exf5 gxf5 40. Ne3 Nd4 41. h4 c6 42. Ng2 Re2+
43. Rxe2 Rxe2+ 44. Kf1 Rb2 45. Nf4 Nxb3 46. Nxh5 d5 47. Re3 Nd2+ 48.
Kg1 d4 49. Nf6+ Kc7 50. Re2 Nxc4 51. Kf2 Rb1 52. Re1 Rb2+ 53. Re2 Rb1
54. Re1 Rxe1 55. Kxe1 Kd6 56. g4 Ke6 57. Nh5 fxg4 58. fxg4 Ne3 59. Nf4+
Ke5 60. Nd3+ Kd6 61. g5 Ng2+ 62. Kd1 Nxh4 63. Nf4 c4 64. g6 Nf5 65. Nh5
Ke7 66. g7 Kf7 67. Nf6 Nxg7 68. Nd7 Ke6 69. Nc5+ Kd5 70. Nb7 Nf5 71.
Nxa5 c5 72. Nb7 c3 0-1

[Event "zt-B"]
[Site "Randers"]
[Date "1982.??.??"]
[Round "3"]
[White "Gutman, Lev"]
[Black "Rantanen, Yrjo A"]
[Result "0-1"]
[WhiteElo "2450"]
[BlackElo "2425"]

1. Nf3 g6 2. g3 Bg7 3. d4 b5 4. Bg2 Nf6 5. O-O O-O 6. c3 Na6 7. b4 c6
8. a4 Nd5 9. axb5 cxb5 10. Qb3 e6 11. e4 Nb6 12. Bg5 f6 13. Bf4 d6 14.
Na3 Nc7 15. c4 bxc4 16. Nxc4 Nb5 17. Nxb6 Qxb6 18. d5 e5 19. Be3 Qd8
20. Ra5 a6 21. Rfa1 Rb8 22. Bf1 Rf7 23. h4 Rc7 24. Qb2 h6 25. Nd2 f5
26. Bxb5 axb5 27. Ba7 Rbb7 28. Ra6 Rf7 29. Qc3 Rf8 30. Qc6 Rc7 31. Qxd6
Rxa7 32. Qxf8+ Bxf8 33. Rxa7 Qb6 34. Ra8 Bb7 35. Rb8 Qc7 36. Re8 Kf7
37. Re6 fxe4 38. h5 gxh5 39. Nf1 Bxd5 40. Rea6 Bb7 41. R6a5 e3 42. Nxe3
Qc6 0-1

[Event "zt-B"]
[Site "Randers"]
[Date "1982.??.??"]
[Round "3"]
[White "Hoelzl, Franz"]
[Black "Feustel, Bernd"]
[Result "1/2-1/2"]
[WhiteElo "2405"]
[BlackElo "2365"]

1. d4 g6 2. c4 Bg7 3. Nc3 d6 4. e4 Nd7 5. Be2 e6 6. f4 Ne7 7. Nf3 a6
8. O-O O-O 9. Qc2 b6 10. Be3 Bb7 11. Rad1 Qe8 12. Kh1 Nf6 13. Nd2 h5
14. h3 c5 15. Nf3 d5 16. cxd5 exd5 17. e5 Ne4 18. g4 Ng3+ 19. Kg2 Nxf1
20. Rxf1 hxg4 21. hxg4 Nc6 22. Qb3 Qd7 23. Kg3 cxd4 24. Nxd4 Rfe8 25.
Nf3 b5 26. Rd1 Na5 27. Qb4 Nc4 28. Bxc4 bxc4 29. Qa5 Bc8 30. Nh2 g5
31. Nxd5 gxf4+ 32. Bxf4 Qc6 33. Nc7 Bb7 34. Nxa8 Qg2+ 35. Kh4 Qf2+ 36.
Bg3 Qc2 37. e6 Qxd1 38. exf7+ Kxf7 39. Qh5+ Kf8 40. Nc7 Bf6+ 41. Kh3
Re2 42. Qh6+ Kf7 43. Qh5+ Kg8 44. Qg6+ Bg7 45. Ne6 Rxh2+ 46. Bxh2 Qd3+
47. Qxd3 cxd3 48. Bf4 Bxb2 49. Nc5 Bd5 50. Nxd3 Ba3 51. Bc1 Bc4 1/2-1/2

[Event "zt-B"]
[Site "Randers"]
[Date "1982.??.??"]
[Round "3"]
[White "Huss, Andreas"]
[Black "Borik, Otto"]
[Result "0-1"]
[WhiteElo "2310"]
[BlackElo "2360"]

1. d4 Nf6 2. Nf3 c5 3. d5 g6 4. Nc3 Bg7 5. e4 O-O 6. Be2 d6 7. O-O Na6
8. Re1 Nc7 9. a4 b6 10. h3 e6 11. dxe6 fxe6 12. Bg5 h6 13. Bxf6 Bxf6
14. e5 dxe5 15. Bd3 Bb7 16. Qe2 Nd5 17. Qe4 Rf7 18. Nxe5 Nxc3 19. Qxg6+
Rg7 20. Qxh6 Qd5 21. f3 Bxe5 22. bxc3 Rxg2+ 23. Kh1 Rh2+ 24. Kg1 Rh1+
0-1

[Event "zt-B"]
[Site "Randers"]
[Date "1982.??.??"]
[Round "3"]
[White "Karlsson, Lars"]
[Black "Murey, Jacob"]
[Result "0-1"]
[WhiteElo "2500"]
[BlackElo "2475"]

1. Nf3 g6 2. e4 Bg7 3. d4 d6 4. c3 Nf6 5. Bd3 O-O 6. O-O Bg4 7. Be3 Nc6
8. Nbd2 e5 9. Qb3 Bc8 10. dxe5 Nxe5 11. Nxe5 dxe5 12. Be2 b6 13. Rfd1
Qe7 14. Qb4 c5 15. Qb3 Ng4 16. Nf1 Qh4 17. f3 Nxe3 18. Nxe3 Bh6 19. Nf1
Rb8 20. a4 Qe7 21. Bc4 Bf4 22. Rd3 h5 23. Rad1 h4 24. Rd6 Kg7 25. Qc2
Qg5 26. Qe2 Rb7 27. Ba6 Rc7 28. Bxc8 Rfxc8 29. Qc4 Rc6 30. Rd7 Rf6 31.
R1d3 a5 32. b4 axb4 33. cxb4 h3 34. g3 Bc1 35. Rb3 Rcc6 36. Rbd3 cxb4
37. Rxf7+ Rxf7 38. Qxc6 Bb2 39. Qb5 Qe7 40. Qxb6 Bd4+ 41. Rxd4 exd4
42. Qxd4+ Qf6 0-1

[Event "zt-B"]
[Site "Randers"]
[Date "1982.??.??"]
[Round "3"]
[White "Mortensen, Erling"]
[Black "Helmers, Knut J"]
[Result "1/2-1/2"]
[WhiteElo "2440"]
[BlackElo "2430"]

1. e4 c5 2. Nf3 d6 3. d4 cxd4 4. Nxd4 Nf6 5. Nc3 a6 6. Be2 e5 7. Nb3
Be7 8. O-O O-O 9. a4 Be6 10. f4 exf4 11. Bxf4 Nc6 12. Kh1 Rc8 13. Nd4
Ne5 14. Qd2 Re8 15. Nf5 Bxf5 16. exf5 Qb6 17. Ra3 Qc6 18. Rb3 Nc4 19.
Bxc4 Qxc4 20. Qd3 d5 21. Be5 Ng4 22. Bg3 Ne3 23. Re1 d4 24. Qxc4 Rxc4
25. Rxb7 Rf8 26. Nd5 1/2-1/2

[Event "zt-B"]
[Site "Randers"]
[Date "1982.??.??"]
[Round "4"]
[White "Borik, Otto"]
[Black "Hoelzl, Franz"]
[Result "1-0"]
[WhiteElo "2360"]
[BlackElo "2405"]

1. d4 Nf6 2. c4 g6 3. Nc3 Bg7 4. e4 O-O 5. Be3 d6 6. Nf3 Na6 7. Be2 e5
8. O-O Qe8 9. dxe5 dxe5 10. Nd2 Nd7 11. Nb3 Qe7 12. Nd5 Qd8 13. c5 Nab8
14. Qc2 c6 15. Nc3 Qe7 16. Rfd1 Nf6 17. f3 Nbd7 18. Rd6 Ne8 19. Rd2 Nc7
20. Rad1 Nf6 21. a4 Nh5 22. Bf1 Nf4 23. Rd6 Ne8 24. R6d2 Bh6 25. Kh1
Bg5 26. Na5 Ne6 27. Bxg5 Qxg5 28. Ne2 N8c7 29. b4 Nf4 30. Nxf4 Qxf4
31. Bc4 Qf6 32. Rd6 Qe7 33. Nxb7 Ne8 34. Na5 Nxd6 35. cxd6 Qe8 36. Nxc6
Kg7 37. b5 a6 38. Ne7 Bd7 39. Qb2 Rb8 40. Qxe5+ f6 41. Qd5 axb5 42.
axb5 Bxb5 43. Bxb5 Rxb5 44. d7 Qb8 45. Qd4 Rb4 46. Qa1 Rb6 47. h3 Rd8
48. Qd4 Rb4 49. Qd5 Rb5 50. Qd4 Qb6 51. Qd3 Rb3 52. Qc2 Rb2 53. Qc8 Qb3
54. Rc1 Rb1 55. Rxb1 Qxb1+ 56. Kh2 Qb4 57. Nc6 Qd6+ 58. e5 fxe5 59.
Nxd8 e4+ 60. f4 Qxf4+ 61. Kg1 Qe3+ 62. Kh1 1-0

[Event "zt-B"]
[Site "Randers"]
[Date "1982.??.??"]
[Round "4"]
[White "Helmers, Knut J"]
[Black "Gutman, Lev"]
[Result "0-1"]
[WhiteElo "2430"]
[BlackElo "2450"]

1. Nf3 Nf6 2. c4 g6 3. d4 Bg7 4. g3 O-O 5. Bg2 d5 6. cxd5 Nxd5 7. O-O
c5 8. dxc5 Na6 9. Ng5 Ndb4 10. Nc3 h6 11. Nf3 Bf5 12. Nh4 Bg4 13. Be3
Qxd1 14. Raxd1 g5 15. Nf3 Nc2 16. Nd4 Nxe3 17. fxe3 Nxc5 18. h3 Bh5
19. g4 Bg6 20. Nd5 Rae8 21. b4 Ne4 22. Nf5 Bxf5 23. gxf5 Ng3 24. f6
exf6 25. Nxf6+ Bxf6 26. Rxf6 Rxe3 27. Kf2 Ne4+ 28. Kxe3 Nxf6 29. Rd6
Kg7 30. Kd4 Rc8 31. Bxb7 Rb8 32. Ba6 Rxb4+ 33. Ke5 Ra4 34. Bb5 Rxa2 0-1

[Event "zt-B"]
[Site "Randers"]
[Date "1982.??.??"]
[Round "4"]
[White "Murey, Jacob"]
[Black "Mortensen, Erling"]
[Result "1-0"]
[WhiteElo "2475"]
[BlackElo "2440"]

1. c4 Nf6 2. Nc3 g6 3. e4 d6 4. d4 Bg7 5. f3 O-O 6. Be3 e5 7. Nge2 c6
8. Qd2 exd4 9. Nxd4 d5 10. cxd5 cxd5 11. e5 Ne8 12. f4 f6 13. Nf3 Nc7
14. O-O-O fxe5 15. Bc4 Kh8 16. Nxd5 Nxd5 17. Qxd5 Qc7 18. Nxe5 Bf5 19.
Bc5 Nd7 20. Qg8+ 1-0

[Event "zt-B"]
[Site "Randers"]
[Date "1982.??.??"]
[Round "4"]
[White "Rantanen, Yrjo A"]
[Black "Huss, Andreas"]
[Result "1-0"]
[WhiteElo "2425"]
[BlackElo "2310"]

1. e4 e6 2. d4 d5 3. Nc3 Bb4 4. e5 b6 5. h4 h5 6. Be2 Ba6 7. Bxh5 g6
8. Bg5 Be7 9. Bxe7 Qxe7 10. Be2 Rxh4 11. Rxh4 Bxe2 12. Qxe2 Qxh4 13.
O-O-O Nc6 14. g3 Qg5+ 15. Kb1 O-O-O 16. Qa6+ Kb8 17. a3 Nge7 18. Nge2
Qg4 19. Nc1 Rh8 20. Nb3 Qf3 21. Rd2 Rh2 22. Na4 Rxf2 23. Nbc5 Nd8 24.
Nd7+ Ka8 25. Naxb6+ cxb6 26. Nxb6+ Kb8 27. Nd7+ Ka8 28. Rd3 Qh1+ 29.
Ka2 Rf3 30. Qd6 Ndc6 31. Qc7 Rf1 32. Nc5 Ra1+ 33. Kb3 Rxa3+ 34. Kxa3
Qa1+ 35. Kb3 Na5+ 36. Kc3 Qe1+ 37. Rd2 Qe3+ 38. Rd3 Qe1+ 39. Rd2 Qe3+
40. Nd3 Nac6 41. Rh2 Qxd4+ 42. Kd2 1-0

[Event "zt-B"]
[Site "Randers"]
[Date "1982.??.??"]
[Round "4"]
[White "Sigurjonsson, Gudmundur"]
[Black "Karlsson, Lars"]
[Result "1-0"]
[WhiteElo "2435"]
[BlackElo "2500"]

1. Nf3 c5 2. e4 d6 3. d4 cxd4 4. Nxd4 Nf6 5. Nc3 g6 6. Be3 Bg7 7. f3
Nc6 8. Qd2 O-O 9. O-O-O d5 10. exd5 Nxd5 11. Nxc6 bxc6 12. Bd4 e5 13.
Bc5 Re8 14. Nxd5 cxd5 15. Qxd5 Qxd5 16. Rxd5 Be6 17. Rd6 Bf8 18. Rc6
Bd5 19. Rc7 Bh6+ 20. Kb1 e4 21. fxe4 Rxe4 22. Bd3 Rg4 23. b3 a5 24. Rd1
Bxg2 25. Bc4 Rxc4 26. bxc4 Bf3 27. Rdd7 Rb8+ 28. Ka1 Be4 29. Rxf7 Bxc2
30. a3 g5 31. Bd4 Bg6 32. Rb7 Rd8 33. Rfd7 Re8 34. c5 Re1+ 35. Ka2 Re2+
36. Kb3 Bf8 37. Rd8 Be8 38. c6 a4+ 39. Kc3 Bg6 40. Rg7+ 1-0

[Event "zt-B"]
[Site "Randers"]
[Date "1982.??.??"]
[Round "5"]
[White "Feustel, Bernd"]
[Black "Borik, Otto"]
[Result "1/2-1/2"]
[WhiteElo "2365"]
[BlackElo "2360"]

1. Nf3 Nf6 2. c4 e6 3. g3 d5 4. b3 Be7 5. Bg2 O-O 6. O-O c5 7. d3 Nc6
8. Na3 Re8 9. Bf4 a6 10. Ne5 Na7 11. e4 d4 12. Qf3 Rf8 13. Nc2 Ne8 14.
Qe2 f6 15. Nf3 e5 16. Bd2 Nc6 17. Nh4 g6 18. Bh6 Rf7 19. Qd2 Nd6 20. f4
exf4 21. Bxf4 Be6 22. Rae1 Qd7 23. Nf3 g5 24. e5 Nf5 25. exf6 gxf4 26.
fxe7 Ne3 27. Ng5 Nxf1 28. Rxf1 Nxe7 29. Nxf7 Bxf7 30. Qxf4 Ng6 31. Qe4
Rb8 32. h4 Qe6 33. Rf5 Qxe4 34. Bxe4 b6 35. h5 Ne7 36. Rg5+ Kh8 37. Re5
Re8 38. Ne1 Ng8 39. Rf5 Nh6 40. Rf6 Re6 41. Rxe6 1/2-1/2

[Event "zt-B"]
[Site "Randers"]
[Date "1982.??.??"]
[Round "5"]
[White "Mortensen, Erling"]
[Black "Sigurjonsson, Gudmundur"]
[Result "1/2-1/2"]
[WhiteElo "2440"]
[BlackElo "2435"]

1. e4 c5 2. Nc3 d6 3. Nge2 Nf6 4. g3 Nc6 5. Bg2 g6 6. d3 Bg7 7. h3 Rb8
8. f4 O-O 9. g4 Bd7 10. Ng3 b5 11. g5 Ne8 12. Nd5 e6 13. Ne3 e5 14. f5
Qxg5 15. Qg4 Qxg4 16. hxg4 Nc7 17. Bd2 f6 18. Kf2 Ne7 19. Rh2 g5 20.
Rah1 h6 21. Nh5 Bh8 22. b3 Bc6 23. c4 b4 24. Ng3 Bg7 25. Nd5 Bxd5 26.
exd5 Rfc8 27. Ne4 Ne8 28. Ra1 a5 29. a3 Rc7 30. axb4 axb4 31. Ra6 Nc8
32. Rh1 Ra7 33. Rxa7 Nxa7 34. Ra1 Nc8 35. Ra6 1/2-1/2

[Event "zt-B"]
[Site "Randers"]
[Date "1982.??.??"]
[Round "6"]
[White "Helmers, Knut J"]
[Black "Hoelzl, Franz"]
[Result "1-0"]
[WhiteElo "2430"]
[BlackElo "2405"]

1. Nf3 c5 2. c4 Nf6 3. g3 b6 4. Bg2 Bb7 5. O-O e6 6. Nc3 Be7 7. d4 Ne4
8. Bd2 O-O 9. Rc1 d6 10. Nxe4 Bxe4 11. Bc3 Qc8 12. Bh3 Nd7 13. d5 exd5
14. Nd2 Qb7 15. f3 Bg5 16. Nxe4 dxe4 17. Qxd6 Bxc1 18. Rxc1 Rfd8 19.
Qe7 exf3 20. Be6 Rf8 21. Bd5 Qc7 22. Bxa8 Rxa8 23. Rd1 f2+ 24. Kxf2 Rd8
25. Rd6 h6 26. Rg6 1-0

[Event "zt-B"]
[Site "Randers"]
[Date "1982.??.??"]
[Round "6"]
[White "Karlsson, Lars"]
[Black "Mortensen, Erling"]
[Result "1-0"]
[WhiteElo "2500"]
[BlackElo "2440"]

1. c4 Nf6 2. g3 g6 3. Bg2 Bg7 4. Nc3 O-O 5. e3 d6 6. Nge2 e5 7. O-O Re8
8. d3 Nbd7 9. Rb1 h5 10. h3 Nf8 11. e4 h4 12. g4 N6h7 13. f4 Ne6 14. f5
Nd4 15. Be3 c6 16. Kh1 Bf6 17. Bf2 Kg7 18. b4 a6 19. Nxd4 exd4 20. Ne2
a5 21. Bxd4 Bxd4 22. Nxd4 axb4 23. Qd2 c5 24. Nb5 g5 25. d4 f6 26. Rbd1
Qb6 27. Qf2 cxd4 28. Rxd4 Bd7 29. Rxd6 Qd8 30. Rfd1 Nf8 31. Qd4 Bxb5
32. Rxd8 Raxd8 33. Qxd8 Rxd8 34. Rxd8 Bxc4 35. Rd4 b5 36. Kg1 Bxa2 37.
Rxb4 Nd7 38. Rxb5 Ne5 39. Bf1 Kf8 40. Rb7 Bf7 41. Kf2 Be8 42. Bb5 Bxb5
43. Rxb5 Nd3+ 44. Ke3 Nf4 45. e5 fxe5 46. Ke4 Nxh3 47. Rb7 1-0

[Event "zt-B"]
[Site "Randers"]
[Date "1982.??.??"]
[Round "6"]
[White "Murey, Jacob"]
[Black "Huss, Andreas"]
[Result "1-0"]
[WhiteElo "2475"]
[BlackElo "2310"]

1. e4 e6 2. d4 d5 3. Nc3 Bb4 4. e5 b6 5. Qg4 Bf8 6. a4 Ba6 7. Nb5 Qd7
8. Nf3 Ne7 9. Bd3 Nf5 10. Qh3 c6 11. g4 Nh4 12. Nxh4 cxb5 13. Qf1 Be7
14. Ng2 f6 15. axb5 Bb7 16. f4 O-O 17. Qe2 fxe5 18. fxe5 Qd8 19. h4 Nd7
20. g5 Qe8 21. Nf4 g6 22. Qg4 Rf5 23. Bxf5 exf5 24. Qh3 Bb4+ 25. c3
Nxe5 26. O-O Ng4 27. cxb4 Qxb5 28. Bd2 Re8 29. Rfe1 Re4 30. Rxe4 dxe4
31. Qb3+ 1-0

[Event "zt-B"]
[Site "Randers"]
[Date "1982.??.??"]
[Round "6"]
[White "Sigurjonsson, Gudmundur"]
[Black "Gutman, Lev"]
[Result "1/2-1/2"]
[WhiteElo "2435"]
[BlackElo "2450"]

1. e4 c5 2. Nf3 d6 3. d4 cxd4 4. Nxd4 Nf6 5. Nc3 a6 6. Be2 e5 7. Nb3
Be7 8. O-O O-O 9. Be3 Be6 10. f4 Qc7 11. f5 Bc4 12. Bxc4 Qxc4 13. Nd2
Qc6 14. Qf3 Rd8 15. g4 d5 16. exd5 Nxd5 17. Nxd5 Rxd5 18. f6 gxf6 19.
Ne4 Nd7 20. g5 Kh8 21. gxf6 Bc5 22. Nxc5 Nxc5 23. c4 Rd6 24. Qxc6 Rxc6
25. Rad1 Rg8+ 26. Kh1 Ne4 27. Rd7 Rxf6 28. Rxf6 Nxf6 29. Rxf7 Ng4 30.
Bb6 Rg7 31. Rf8+ Rg8 32. Rf7 Rg7 1/2-1/2

[Event "zt-B"]
[Site "Randers"]
[Date "1982.??.??"]
[Round "7"]
[White "Borik, Otto"]
[Black "Rantanen, Yrjo A"]
[Result "1-0"]
[WhiteElo "2360"]
[BlackElo "2425"]

1. Nf3 g6 2. d4 Nf6 3. c4 Bg7 4. Nc3 O-O 5. e4 d6 6. Be2 c6 7. O-O Nbd7
8. Be3 e5 9. d5 Nc5 10. Nd2 a5 11. a3 Nfd7 12. b4 axb4 13. axb4 Rxa1
14. Qxa1 Na6 15. dxc6 bxc6 16. b5 Nb4 17. Qb2 c5 18. Rd1 Bf6 19. Nb3
Be7 20. Na4 Qc7 21. Bh6 Re8 22. Nc3 Nb6 23. Ra1 Bd7 24. Bd2 Rb8 25. Na4
Nxa4 26. Rxa4 Qb7 27. f3 Bd8 28. Bc3 Ra8 29. Rxa8 Qxa8 30. Qd2 Qa2 31.
Qxa2 Nxa2 32. Ba5 Bxa5 33. Nxa5 Kf8 34. f4 Nc3 35. b6 Bc8 36. Bg4 Ba6
37. fxe5 dxe5 38. b7 Bxb7 39. Nxb7 Nxe4 40. Bf3 Nd2 41. Be2 Nb3 42. Kf2
f5 43. Ke3 Ke7 44. Bd1 Nd4 45. Nxc5 Kd6 46. Nd3 Ne6 47. g3 e4 48. Nf4
Nc5 49. h4 Ke5 50. Bc2 Nb7 51. Ba4 Nd6 52. c5 Nc8 53. Bb3 Ne7 54. Bf7
Kf6 55. Be6 Ke5 56. Bd7 h6 57. c6 g5 58. c7 gxf4+ 59. gxf4+ Kf6 60.
c8=Q Nxc8 61. Bxc8 Kg6 62. h5+ 1-0

[Event "zt-B"]
[Site "Randers"]
[Date "1982.??.??"]
[Round "7"]
[White "Gutman, Lev"]
[Black "Karlsson, Lars"]
[Result "0-1"]
[WhiteElo "2450"]
[BlackElo "2500"]

1. d4 Nf6 2. c4 e6 3. Nf3 Bb4+ 4. Bd2 Qe7 5. g3 Nc6 6. Bg2 e5 7. dxe5
Nxe5 8. Nxe5 Bxd2+ 9. Qxd2 Qxe5 10. Nc3 O-O 11. O-O Re8 12. Rac1 Rb8
13. Rfd1 a6 14. Bf3 b5 15. cxb5 axb5 16. Nd5 Nxd5 17. Bxd5 c6 18. Bf3
b4 19. Rc4 Qb5 20. Qf4 Rb6 21. Rd6 Qa5 22. Be4 g6 23. Bd3 c5 24. Rd5 b3
25. axb3 Qe1+ 26. Kg2 Bb7 27. Rcxc5 d6 28. Kh3 Qf1+ 29. Kg4 dxc5 30.
Rd7 Rb4 31. e4 Qd1+ 0-1

[Event "zt-B"]
[Site "Randers"]
[Date "1982.??.??"]
[Round "7"]
[White "Hoelzl, Franz"]
[Black "Murey, Jacob"]
[Result "1/2-1/2"]
[WhiteElo "2405"]
[BlackElo "2475"]

1. c4 e5 2. Nc3 Nc6 3. Nf3 g6 4. d4 exd4 5. Nxd4 Bg7 6. Nxc6 bxc6 7. g3
a5 8. Bg2 Ba6 9. Qa4 Qb8 10. Qxa5 Bxc4 11. Qc5 Be6 12. O-O Ne7 13. Bg5
Nf5 14. Ne4 Qxb2 15. Rab1 Qe5 16. Qa3 Rc8 17. Bf4 Qd4 18. Rfd1 Qc4 19.
Rd2 c5 20. Rc1 Qb4 21. Qxb4 cxb4 22. g4 Ne7 23. Bxc7 O-O 24. Rdc2 b3
25. axb3 1/2-1/2

[Event "zt-B"]
[Site "Randers"]
[Date "1982.??.??"]
[Round "8"]
[White "Karlsson, Lars"]
[Black "Huss, Andreas"]
[Result "1-0"]
[WhiteElo "2500"]
[BlackElo "2310"]

1. Nf3 Nf6 2. b3 d5 3. Bb2 Bg4 4. e3 Nbd7 5. d3 e6 6. Nbd2 Be7 7. h3
Bh5 8. c4 c6 9. a3 a5 10. g4 Bg6 11. Nh4 Nc5 12. Nxg6 hxg6 13. g5 Nh5
14. h4 dxc4 15. Nxc4 Qd5 16. Rg1 Rd8 17. d4 Qe4 18. Rg4 Qf5 19. f3 e5
20. Nxe5 Bd6 21. Rc1 Bxe5 22. Rxc5 Bg3+ 23. Ke2 Qd7 24. Kd2 b6 25. Rc3
O-O 26. Kc1 Bd6 27. Kb1 b5 28. Rd3 Qe7 29. Ka2 c5 30. Re4 Qc7 31. dxc5
Bxc5 32. Be5 Qb6 33. Qc2 Rxd3 34. Qxd3 b4 35. Qb5 Qa7 36. Bc4 bxa3 37.
Qc6 Kh7 38. Bd6 Bxd6 39. Qxd6 Rc8 40. Re7 Qb8 41. Qxb8 Rxb8 42. Bxf7
Rb6 43. Re6 1-0

[Event "zt-B"]
[Site "Randers"]
[Date "1982.??.??"]
[Round "8"]
[White "Mortensen, Erling"]
[Black "Gutman, Lev"]
[Result "1-0"]
[WhiteElo "2440"]
[BlackElo "2450"]

1. e4 c5 2. Nc3 d6 3. Nge2 Nc6 4. d4 cxd4 5. Nxd4 e6 6. Be2 Nf6 7. Be3
Be7 8. O-O O-O 9. f4 Re8 10. Kh1 Qc7 11. Bd3 a5 12. Qf3 Bd7 13. Qg3 g6
14. Nxc6 Bxc6 15. f5 Nh5 16. Qh3 exf5 17. Bd4 Bf6 18. Bxf6 Nxf6 19.
exf5 Qe7 20. Qh4 Nh5 21. Qf2 Qe3 22. fxg6 fxg6 23. Bc4+ Kh8 24. Qxe3
Rxe3 25. Rad1 Rd8 26. Kg1 Re5 27. Bd5 g5 28. g3 Bxd5 29. Rxd5 Rxd5 30.
Nxd5 Rc8 31. c3 Rc5 32. Ne3 Re5 33. Nc4 Re2 34. Rf2 Re1+ 35. Kg2 Rd1
36. Kf3 Kg7 37. Ne3 Ra1 38. a3 Nf6 39. Rd2 1-0

[Event "zt-B"]
[Site "Randers"]
[Date "1982.??.??"]
[Round "8"]
[White "Murey, Jacob"]
[Black "Feustel, Bernd"]
[Result "1-0"]
[WhiteElo "2475"]
[BlackElo "2365"]

1. b3 b6 2. Bb2 Bb7 3. f4 Nf6 4. Nf3 g6 5. e3 Bg7 6. Be2 O-O 7. O-O d6
8. Qe1 Nbd7 9. Qh4 e6 10. Qh3 Be4 11. d3 Bf5 12. Qh4 Bg4 13. Qe1 Ne8
14. Nc3 d5 15. Rd1 Nd6 16. h3 Bxf3 17. Bxf3 c5 18. Bc1 Rc8 19. e4 d4
20. Ne2 e5 21. f5 b5 22. Bg4 Rc6 23. Qg3 Ra6 24. a3 Kh8 25. h4 gxf5
26. Bxf5 Rg8 27. Qh3 Nxf5 28. Rxf5 Bf6 29. Rdf1 Nf8 30. h5 Re6 31. g4
c4 32. bxc4 bxc4 33. Kh1 cxd3 34. cxd3 Rc6 35. Rg1 Ne6 36. Qg3 Ng7 37.
Rf3 Rc2 38. Qh2 Ne8 39. g5 Bxg5 40. Qxe5+ f6 41. Bxg5 fxe5 42. Bxd8
Rxe2 43. Be7 Re3 44. Rxg8+ Kxg8 45. Rf8+ Kg7 46. h6+ Kxh6 47. Rxe8 Rxd3
48. Rg8 Rd1+ 49. Kg2 Re1 50. Kf3 Re3+ 51. Kg4 Rxe4+ 52. Kf5 Re2 53. Rg3
Rf2+ 54. Kxe5 Re2+ 55. Kd6 Kh5 56. Rg5+ Kh6 57. Rd5 Re4 58. Bf6 Kg6
59. Bxd4 a6 60. Kc5 h5 61. Rd6+ Kf5 62. Rxa6 h4 63. Rh6 Kg4 64. Bf2
Re5+ 65. Kd6 Ra5 66. Rxh4+ Kg5 67. Rh3 Ra6+ 68. Kd5 1-0